Log-linear models for event histories
Αποθηκεύτηκε σε:
| Κύριος συγγραφέας: | |
|---|---|
| Μορφή: | Βιβλίο |
| Γλώσσα: | English |
| Δημοσίευση: |
London :
Sage Publications,
c1997
|
| Σειρά: | Advanced quantitative techniques in the social sciences ;
; 8 |
| Θέματα: | |
| Ετικέτες: |
Προσθήκη ετικέτας
Δεν υπάρχουν, Καταχωρήστε ετικέτα πρώτοι!
|
MARC
| LEADER | 00000nam a2200000 i 4500 | ||
|---|---|---|---|
| 001 | 1/97110 | ||
| 008 | 991216s1997 eng d | ||
| 020 | |a 0-7619-0937-0 | ||
| 035 | |l 10056012 | ||
| 040 | |a GR-MY-UA |b gre |e aacr | ||
| 041 | 0 | |a eng | |
| 082 | 0 | |a 519.535 | |
| 100 | 1 | |a Vermunt, Jeroen K. | |
| 245 | 1 | 0 | |a Log-linear models for event histories / |c Jeroen K. Vermunt |
| 260 | |a London : |b Sage Publications, |c c1997 | ||
| 300 | |a 347 p. |b tabl. | ||
| 490 | 1 | |a Advanced quantitative techniques in the social sciences |v ; 8 | |
| 504 | |a Includes bibliographical references and index | ||
| 650 | 0 | 0 | |a Log-linear models. |
| 650 | 0 | 0 | |a Longitudinal method |x Statistical methods. |
| 830 | 0 | |a Advanced quantitative techniques in the social sciences ; |v ; 8 | |
| 852 | |a INST |b LESVOS |e 19991216 |h 519.535 VER |p 005100018781 |q 005100018781 |t BK |y 0 | ||
| 901 | |a BIBL1-2000-1 | ||
| 909 | |a Λ |b 071569 | ||
| 922 | |a 1ΕΛΗ |b 199912 |c ΚΠΣ/ΠΜΣ |d ΠΑΠΑΣΩΤΗΡΙΟΥ | ||
| 950 | |a 157-1999-08-24 | ||
| 970 | |a ΜΟΥΣΤΑΚΑ |b ΠΗΝΕΛΟΠΗ |z 2000/01/21 | ||